| 000 | 00505nam a2200205Ia 4500 | ||
|---|---|---|---|
| 003 | OSt | ||
| 005 | 20230509112738.0 | ||
| 008 | 210423s2007 xx 000 0 und d | ||
| 020 | _a333908422 | ||
| 040 | _cAL | ||
| 041 | _aeng | ||
| 082 |
_a660.62 _223 _b PATA |
||
| 100 |
_aPATEL (A H). _9100611 |
||
| 245 | _aIndustrial microbiology. | ||
| 260 |
_aNew Delhi _bMacmillan India Ltd _c2007 |
||
| 300 |
_axii,298 _bPB |
||
| 365 |
_b290 _cINR |
||
| 906 | _aIndustrial ; microbiology. | ||
| 942 |
_2ddc _cBK |
||
| 999 |
_c163997 _d163997 |
||